000 00532nam a2200181Ia 4500
999 _c14218
_d14218
003 OSt
005 20201020123530.0
008 190216s9999||||xx |||||||||||||| ||und||
020 _a9788186685266
040 _coclc
082 _a891.4424
_bTAG/P
100 1 _aTagore, Rabindranath
_d1861-1941
_938
245 4 _aThe Post Office /
_cRabindranath Tagore
260 _bWisdom Tree ,
_c2002.
_aNew Delhi:
300 _a59p
650 _aEnglish Literature
942 _cBK
_2ddc
_h891.4424
_iTAG/P
_k891.4424
_mTAG/P